00764nam a2200181 a 4500003000200000005001700002008004100019050002600060100003100086245014600117260009000263300004000353504004100393650004800434650003000482650003500512650003500547020250306100514.0101013s19uu xx 00 eng d aPHS BF 698b.J39 2010 aJelsma, Joan Bernadette S. aAlcohol consumption and personality types of college students from Southville International School and Colleges /cJoan Bernadette S. Jelsma. aLas Piñas City, Philippines :bSouthville International School and Colleges,c2010. a47 pages :billustrations ;c30 cm. aIncludes bibliographical references. aAlcohol consumptionxPsychological aspects. aPersonality and behavior. aPersonality and substance use. aCollege studentsxAlcohol use.